=LDR 00000nam 2200000 4500 =001 NUTBA000000000003212 =005 20251218095123 =035 ##$$a 0010-081400000000056 =008 251218###########################0#ind## =020 ##$$a 978-602-9085-35-8 =040 ##$$a NBPDMAT =082 ##$$a 028.5 =090 ##$$a 028.5 $b Ist b =100 ##$$a Isti Karnikasari =245 1#$$a Bermain lompat angka dan petak faktor bersama peri main /$c Isti Karnikasari ; editor Sofira =250 ##$$a Cet.1 =260 ##$$a Jakarta :$b Rizky Aditya,$c 2012 =300 ##$$a iv, 76 hlm. : $b ilus. ; $c 25 cm. =500 ##$$a Bibliografi : hlm. 75 =650 #4$$a Bacaan Kanak-Kanak =850 ##$$a NBPDMAT =084 ##$$a 028.5 IST b =990 ##$$a 21406287 =990 ##$$a 21406288 =990 ##$$a 21406289 =990 ##$$a 21406290 =990 ##$$a 21406291